000
00277nam a22001337a 4500
008
210518b ||||| |||| 00| 0 eng d
041
_a
eng
080
_a
54
082
_a
54
100
_a
12
101
_a
KIM
245
_a
Quantum Chemistry
_c
Quarrie,D.A
942
_2
udc
_c
BK
999
_c
57402
_d
57402